[Event "Helsingor Kronborg"]
[Site "Helsingor"]
[Date "2024.05.11"]
[Round "8"]
[White "Stefansson, Vignir Vatnar"]
[Black "Hansen, Sune Berg"]
[Result "1-0"]
[WhiteElo "2463"]
[BlackElo "2513"]
[PlyCount "65"]
[EventDate "2024.05.08"]
[EventType "tourn"]
[EventRounds "9"]
[EventCountry "DEN"]
[EventCategory "7"]
[SourceTitle "CB20_2024"]
[SourceDate "2024.05.16"]
[SourceVersion "1"]
[SourceVersionDate "2024.05.16"]
[SourceQuality "1"]

1. d4 d5 2. c4 dxc4 3. Nf3 Nf6 4. e3 e6 5. Bxc4 a6 6. 0-0 Nbd7 7. a4 c5 8. Nc3 Qc7 9. Qe2 Bd6 10. a5 0-0 11. Bd2 cxd4 12. exd4 b5 13. axb6 Qxb6 14. d5 exd5 15. Nxd5 Nxd5 16. Bxd5 Bb7 17. Ba5 Qa7 18. Rfd1 Bxd5 19. Rxd5 Bb8 20. Bb4 Nf6 21. Rda5 Re8 22. Qxa6 Qxa6 23. Rxa6 Rxa6 24. Rxa6 Nd5 25. Bc5 Bf4 26. g3 Bc1 27. b4 Nc3 28. Nd4 Ne4 29. Ba7 g6 30. b5 Bb2 31. Nc6 Nd6 32. Bc5 Re6 33. Bxd6 1-0

[Event "Helsingor Kronborg"]
[Site "Helsingor"]
[Date "2024.05.10"]
[Round "6"]
[White "Stefansson, Vignir Vatnar"]
[Black "Haubro, Martin"]
[Result "1/2-1/2"]
[WhiteElo "2463"]
[BlackElo "2416"]
[PlyCount "128"]
[EventDate "2024.05.08"]
[EventType "tourn"]
[EventRounds "9"]
[EventCountry "DEN"]
[EventCategory "7"]
[SourceTitle "CB20_2024"]
[SourceDate "2024.05.16"]
[SourceVersion "1"]
[SourceVersionDate "2024.05.16"]
[SourceQuality "1"]

1. d4 Nf6 2. c4 e6 3. g3 d5 4. Bg2 Bb4+ 5. Bd2 Be7 6. Nf3 Nbd7 7. 0-0 c6 8. Nc3 dxc4 9. a4 0-0 10. e4 c5 11. Bf4 cxd4 12. Qxd4 Qa5 13. Qxc4 Nb6 14. Qa2 Bd7 15. Nd2 Bc6 16. Nb3 Qb4 17. Bd2 Qd6 18. Rfd1 Rfd8 19. Bf4 Qb4 20. Bd2 Qd6 21. Na5 Qc5 22. Nxc6 bxc6 23. a5 Nbd7 24. Be3 Qb4 25. Rd4 Qb8 26. Rd2 Ng4 27. Bf4 e5 28. Rad1 exf4 29. Rxd7 Rxd7 30. Rxd7 Qe8 31. Rd2 fxg3 32. hxg3 Rd8 33. Rxd8 Qxd8 34. Bf3 Ne5 35. Be2 Bc5 36. Qa1 h5 37. Kg2 Qd4 38. Qe1 Bb4 39. Bxh5 Bxa5 40. Bf3 g6 41. Bd1 Bb4 42. Bb3 a5 43. f3 Bc5 44. Bc2 Nc4 45. Nd1 Nxb2 46. e5 Nxd1 47. Bxd1 Kg7 48. Bc2 Qb2 49. Qe2 a4 50. Bd3 Qd4 51. f4 a3 52. Bc4 Qg1+ 53. Kf3 Qh1+ 54. Qg2 Qe1 55. Qe2 Qh1+ 56. Qg2 Qh5+ 57. g4 Qh4 58. e6 Qf6 59. Qe2 Bd6 60. Qd2 Bc7 61. exf7 Qb2 62. Qxb2+ axb2 63. Ba2 Bd6 64. Ke4 Kf6 1/2-1/2

[Event "Helsingor Kronborg"]
[Site "Helsingor"]
[Date "2024.05.08"]
[Round "2"]
[White "Stefansson, Vignir Vatnar"]
[Black "Borge, Nikolaj"]
[Result "1-0"]
[WhiteElo "2463"]
[BlackElo "2389"]
[PlyCount "71"]
[EventDate "2024.05.08"]
[EventType "tourn"]
[EventRounds "9"]
[EventCountry "DEN"]
[EventCategory "7"]
[SourceTitle "CB20_2024"]
[SourceDate "2024.05.16"]
[SourceVersion "1"]
[SourceVersionDate "2024.05.16"]
[SourceQuality "1"]

1. d4 d5 2. c4 dxc4 3. Nf3 Nf6 4. e3 e6 5. Bxc4 c5 6. 0-0 a6 7. Nc3 Nc6 8. d5 Na5 9. b3 b5 10. Bd3 b4 11. dxe6 Bxe6 12. Ne4 Be7 13. Bb2 0-0 14. Nfg5 Nxe4 15. Nxe6 fxe6 16. Bxe4 Qxd1 17. Rfxd1 Ra7 18. Rac1 Rc8 19. Bd3 Kf7 20. Be2 g6 21. f4 Ke8 22. g4 Rd8 23. g5 Nc6 24. h4 Rad7 25. Rxd7 Rxd7 26. Rc2 a5 27. Kf2 Bd6 28. h5 Kd8 29. Bg4 gxh5 30. Bxe6 Ra7 31. Kf3 a4 32. Rh2 axb3 33. axb3 Kc7 34. Rxh5 Kb6 35. Bg8 Ra2 36. Bf6 1-0

[Event "ISL-ch"]
[Site "Mosfellsbaer"]
[Date "2024.04.18"]
[Round "3"]
[White "Stefansson, Vignir Vatnar"]
[Black "Steingrimsson, Hedinn"]
[Result "1-0"]
[WhiteElo "2459"]
[BlackElo "2502"]
[PlyCount "49"]
[EventDate "2024.04.16"]
[EventType "tourn"]
[EventRounds "11"]
[EventCountry "ISL"]
[EventCategory "6"]
[SourceTitle "CB18_2024"]
[SourceDate "2024.05.01"]
[SourceVersion "1"]
[SourceVersionDate "2024.05.01"]
[SourceQuality "2"]

1. d4 d5 2. c4 e6 3. Nf3 Nf6 4. g3 Bb4+ 5. Bd2 Be7 6. Bg2 c6 7. Na3 Ne4 8. Be3 Nd7 9. 0-0 0-0 10. Rc1 Qa5 11. Qb3 Bxa3 12. bxa3 Nb6 13. Ne5 Qa6 14. c5 Nd7 15. Nd3 b6 16. Nb4 Qxe2 17. Nxc6 Kh8 18. Ne7 bxc5 19. dxc5 Rb8 20. Qa4 Qa6 21. Qd4 Nef6 22. c6 Nb6 23. Qf4 Ra8 24. Bd4 Qa4 25. Qxf6 1-0

[Event "Reykjavik op"]
[Site "Reykjavik"]
[Date "2024.03.19"]
[Round "7"]
[White "Gortemaker, Lucas"]
[Black "Stefansson, Vignir Vatnar"]
[Result "0-1"]
[WhiteElo "2032"]
[BlackElo "2464"]
[PlyCount "112"]
[EventDate "2024.03.15"]
[EventType "swiss"]
[EventRounds "9"]
[EventCountry "ISL"]
[SourceTitle "CB13_2024"]
[SourceDate "2024.03.27"]
[SourceVersion "1"]
[SourceVersionDate "2024.03.27"]
[SourceQuality "1"]

1. e4 c5 2. Nf3 Nc6 3. Bb5 Nf6 4. e5 Nd5 5. Nc3 Nc7 6. Bxc6 dxc6 7. h3 g6 8. d3 Ne6 9. Ne4 Bg7 10. 0-0 b6 11. Re1 0-0 12. a4 a5 13. b3 Nd4 14. Bb2 Qd5 15. Ned2 Bf5 16. Nc4 Nxf3+ 17. Qxf3 Qxf3 18. gxf3 Rab8 19. Kg2 Rfd8 20. f4 h5 21. Ne3 Be6 22. f5 gxf5 23. f4 Bh6 24. Rf1 Kh7 25. Kg3 Rg8+ 26. Kh4 Rg6 27. Rad1 Rbg8 28. d4 Rg3 29. Rd3 cxd4 30. Bxd4 c5 31. Bc3 R3g6 32. Bd2 Rg1 33. c4 Rxf1 34. Nxf1 Rg1 35. Ng3 Rd1 36. Ne2 Rf1 37. Kg3 Bc8 38. Nc3 Bb7 39. Nd5 e6 40. Nxb6 Be4 41. Rc3 Rg1+ 42. Kf2 Rg2+ 43. Ke1 Rxd2 44. Kxd2 Bxf4+ 45. Ke2 Bxe5 46. Rc1 Bd4 47. Nd7 Bg2 48. Rd1 f4 49. Rxd4 cxd4 50. Ne5 f6 51. Nd3 e5 52. b4 f3+ 53. Ke1 e4 54. Nf2 e3 55. b5 exf2+ 56. Kxf2 d3 0-1

[Event "Reykjavik op"]
[Site "Reykjavik"]
[Date "2024.03.18"]
[Round "5"]
[White "Moussard, Jules"]
[Black "Stefansson, Vignir Vatnar"]
[Result "1-0"]
[WhiteElo "2621"]
[BlackElo "2464"]
[PlyCount "101"]
[EventDate "2024.03.15"]
[EventType "swiss"]
[EventRounds "9"]
[EventCountry "ISL"]
[SourceTitle "CB13_2024"]
[SourceDate "2024.03.27"]
[SourceVersion "1"]
[SourceVersionDate "2024.03.27"]
[SourceQuality "1"]

1. c4 e6 2. Nc3 d5 3. d4 Nf6 4. cxd5 exd5 5. Bg5 Bb4 6. e3 h6 7. Bh4 g5 8. Bg3 Ne4 9. a3 Bxc3+ 10. bxc3 c5 11. f3 Nxg3 12. hxg3 Qa5 13. Qd2 Bf5 14. Bd3 Be6 15. Ne2 Nc6 16. g4 0-0-0 17. Kf2 cxd4 18. exd4 Kb8 19. Rh2 Ne7 20. a4 Rc8 21. Qb2 f5 22. Rah1 fxg4 23. Rxh6 Rxh6 24. Rxh6 Bf5 25. Bxf5 Nxf5 26. Rh7 Nd6 27. Rd7 gxf3 28. gxf3 Qa6 29. Qb4 Rc6 30. Rd8+ Kc7 31. Rg8 Rc4 32. Qb1 Qxa4 33. Rxg5 Kc6 34. Qg6 Qa5 35. Qe6 a6 36. Kg3 Qc7 37. Rxd5 b5 38. Kf2 a5 39. Ng3 Qd7 40. Qxd7+ Kxd7 41. Ne4 Rc6 42. Ke2 Ke6 43. Rxd6+ Rxd6 44. Nxd6 Kxd6 45. f4 a4 46. Kd3 Kd5 47. f5 Kd6 48. Kc2 Kd5 49. Kb2 Kc6 50. f6 Kd6 51. d5 1-0

[Event "EU-chT 24th"]
[Site "Budva"]
[Date "2023.11.20"]
[Round "9.12"]
[White "Sanal, Vahap"]
[Black "Stefansson, Vignir Vatnar"]
[Result "1/2-1/2"]
[WhiteElo "2608"]
[BlackElo "2483"]
[PlyCount "201"]
[EventDate "2023.11.11"]
[EventType "team-swiss"]
[EventRounds "9"]
[EventCountry "MNE"]
[SourceTitle "CB47_2023"]
[SourceDate "2023.11.22"]
[SourceVersion "1"]
[SourceVersionDate "2023.11.22"]
[SourceQuality "1"]
[WhiteTeam "Turkey"]
[BlackTeam "Iceland"]
[WhiteTeamCountry "TUR"]
[BlackTeamCountry "ISL"]

1. e4 e5 2. Nf3 Nc6 3. Bb5 Nf6 4. d3 Bc5 5. Nc3 a6 6. Bxc6 dxc6 7. h3 Qe7 8. Ne2 Nd7 9. Ng3 Nf8 10. d4 exd4 11. Nxd4 Be6 12. Nxe6 Nxe6 13. 0-0 Qf6 14. Nf5 h5 15. Rb1 g6 16. b4 gxf5 17. bxc5 Rg8 18. exf5 Qxf5 19. Rb3 h4 20. Re1 Qg6 21. g4 hxg3 22. Rxg3 Qh7 23. Bg5 Kf8 24. Qd7 Rxg5 25. Rxe6 Rxg3+ 26. fxg3 Qxc2 27. Qe7+ Kg8 28. Re5 Qd1+ 29. Kg2 Qd2+ 30. Kf3 f6 31. Re4 Qd3+ 32. Kg4 Qd5 33. Qe6+ Kg7 34. Qxd5 cxd5 35. Re7+ Kg6 36. Rxc7 Re8 37. Rxb7 Rc8 38. h4 Rxc5 39. h5+ Kh6 40. Rb6 Rc4+ 41. Kf5 Kxh5 42. Rxf6 Rg4 43. Rxa6 Rxg3 44. Ke5 Rd3 45. a4 Kg5 46. Rb6 Rf3 47. Kxd5 Rf4 48. Ra6 Rf5+ 49. Kc6 Rf6+ 50. Kb7 Rf7+ 51. Kc8 Rf8+ 52. Kd7 Rf7+ 53. Ke8 Rf4 54. a5 Rf5 55. Ke7 Rb5 56. Ra8 Kg6 57. a6 Rb6 58. Kd7 Kg7 59. Ke7 Rc6 60. Ra7 Rf6 61. Kd8+ Kg6 62. Ke8 Rb6 63. Ke7 Kg7 64. Kd8+ Kg6 65. Ra8 Kg7 66. Ke7 Rc6 67. Ra7 Rf6 68. Kd8+ Kg6 69. Ke8 Rb6 70. Ke7 Kg7 71. Kd7 Rf6 72. Kc7 Kg6 73. Ra8 Kg7 74. Ra7 Kg6 75. Ra8 Kg7 76. Kd7 Rb6 77. Ra7 Rf6 78. Ke8+ Kg6 79. Kd8 Rf8+ 80. Kc7 Rf7+ 81. Kb6 Rf6+ 82. Kc5 Rf5+ 83. Kd4 Rf4+ 84. Ke5 Rf5+ 85. Ke4 Rf6 86. Ra8 Kg7 87. Ke5 Rb6 88. Kd4 Rf6 89. Ra7+ Kg6 90. Ke4 Re6+ 91. Kf4 Rf6+ 92. Kg4 Rb6 93. Ra8 Kg7 94. Kf5 Rf6+ 95. Ke5 Rb6 96. a7 Ra6 97. Kd5 Ra1 98. Kc6 Rc1+ 99. Kb7 Rb1+ 100. Kc7 Rc1+ 101. Kb7 1/2-1/2

[Event "EU-chT 24th"]
[Site "Budva"]
[Date "2023.11.11"]
[Round "1.10"]
[White "Stefansson, Vignir Vatnar"]
[Black "Indjic, Aleksandar"]
[Result "0-1"]
[WhiteElo "2483"]
[BlackElo "2601"]
[PlyCount "120"]
[EventDate "2023.11.11"]
[EventType "team-swiss"]
[EventRounds "9"]
[EventCountry "MNE"]
[SourceTitle "CB47_2023"]
[SourceDate "2023.11.22"]
[SourceVersion "1"]
[SourceVersionDate "2023.11.22"]
[SourceQuality "1"]
[WhiteTeam "Iceland"]
[BlackTeam "Serbia"]
[WhiteTeamCountry "ISL"]
[BlackTeamCountry "SRB"]

1. d4 Nf6 2. c4 e6 3. Nf3 d5 4. g3 Be7 5. Bg2 0-0 6. 0-0 dxc4 7. Qc2 b6 8. Bg5 Nd5 9. Bxe7 Qxe7 10. Rc1 b5 11. b3 cxb3 12. axb3 c6 13. Ne5 Bb7 14. Nd2 Nb4 15. Qc3 N8a6 16. Ne4 f6 17. Nd3 Nxd3 18. Qxd3 Rfd8 19. Qe3 e5 20. dxe5 Qxe5 21. Qc3 Qxc3 22. Nxc3 Nc5 23. Rab1 Rac8 24. b4 Na6 25. e3 Kf8 26. Ne2 Rd6 27. Nd4 g6 28. g4 Ke7 29. h4 Kd7 30. h5 gxh5 31. Nf5 Rd2 32. gxh5 Rg8 33. Ng3 Kc7 34. Kf1 Rdd8 35. Be4 Rd7 36. Nf5 Kb6 37. Nd4 Rc7 38. Ke2 Re8 39. Bf3 Re5 40. Kd2 Nb8 41. Be2 Rce7 42. Rc3 a5 43. bxa5+ Kxa5 44. f4 Rd5 45. Bf3 Rd8 46. Rd3 Kb6 47. Kc2 Na6 48. Rdb3 Nc7 49. h6 Nd5 50. Bxd5 Rxd5 51. Rg1 Ba6 52. Rg7 Red7 53. Nf3 Bc8 54. e4 Rh5 55. Rg8 Rc7 56. Nd4 Rxh6 57. Rf8 Rh2+ 58. Kc3 Kc5 59. Rxf6 b4+ 60. Kd3 Rh3+ 0-1

[Event "Wch U20 60th"]
[Site "Mexico City"]
[Date "2023.09.28"]
[Round "7"]
[White "Stefansson, Vignir Vatnar"]
[Black "Abdrlauf, Elham"]
[Result "1/2-1/2"]
[WhiteElo "2484"]
[BlackElo "2541"]
[PlyCount "129"]
[EventDate "2023.09.21"]
[EventType "swiss"]
[EventRounds "11"]
[EventCountry "MEX"]
[SourceTitle "EXT 2024"]
[Source "ChessBase"]
[SourceDate "2023.10.10"]
[SourceVersion "1"]
[SourceVersionDate "2023.10.10"]
[SourceQuality "1"]

1. d4 d5 2. c4 e6 3. Nc3 Nf6 4. cxd5 exd5 5. Bf4 Bd6 6. Bxd6 Qxd6 7. e3 Bf5 8. Qf3 Bg6 9. Nh3 Qb4 10. 0-0-0 c6 11. Nf4 Nbd7 12. h4 Be4 13. Qg3 Qe7 14. h5 Bf5 15. Qg5 Bg4 16. Re1 h6 17. Qh4 0-0-0 18. Bd3 Qd6 19. Qg3 Be6 20. Kb1 Kb8 21. f3 Ka8 22. Rc1 g5 23. Nfe2 Qxg3 24. Nxg3 Kb8 25. Na4 g4 26. f4 Nb6 27. Nc5 Bc8 28. b3 Rde8 29. Rce1 Nbd7 30. Na4 Nb6 31. Nc3 Bd7 32. Kc2 Re7 33. Kd2 Rhe8 34. Bf5 Nc8 35. Bxd7 Rxd7 36. Nf5 Nd6 37. Nxd6 Rxd6 38. b4 Rde6 39. a4 Kc7 40. Kd3 Kd6 41. Re2 b6 42. Rh4 a5 43. b5 c5 44. g3 cxd4 45. Kxd4 Rc8 46. e4 Rc4+ 47. Kd3 Nxe4 48. Nxe4+ Rcxe4 49. Rxe4 dxe4+ 50. Ke3 f5 51. Rh1 Kd7 52. Rc1 Rd6 53. Rc3 Rd1 54. Rc6 Rd3+ 55. Ke2 Rd6 56. Rc4 Rf6 57. Ke3 Re6 58. Rc2 Rd6 59. Rc3 Ke6 60. Ke2 Ke7 61. Rc7+ Ke6 62. Rh7 Kd5 63. Rc7 Kd4 64. Rc6 Kd5 65. Rc7 1/2-1/2

[Event "Wch U20 60th"]
[Site "Mexico City"]
[Date "2023.09.27"]
[Round "6"]
[White "Vetokhin, Savva"]
[Black "Stefansson, Vignir Vatnar"]
[Result "0-1"]
[WhiteElo "2400"]
[BlackElo "2484"]
[PlyCount "109"]
[EventDate "2023.09.21"]
[EventType "swiss"]
[EventRounds "11"]
[EventCountry "MEX"]
[SourceTitle "EXT 2024"]
[Source "ChessBase"]
[SourceDate "2023.10.10"]
[SourceVersion "1"]
[SourceVersionDate "2023.10.10"]
[SourceQuality "1"]

1. d4 d5 2. c4 e6 3. Nc3 Nf6 4. cxd5 exd5 5. Bg5 c6 6. e3 Bd6 7. Bd3 0-0 8. Nf3 Be6 9. Qb3 b6 10. 0-0 Nbd7 11. Qc2 h6 12. Bf4 Qb8 13. Bxd6 Qxd6 14. h3 c5 15. Qd2 a6 16. b3 b5 17. dxc5 Nxc5 18. Ne2 Qb6 19. Bc2 b4 20. Nfd4 a5 21. f3 Rac8 22. Nf4 Bd7 23. Rac1 Ne6 24. Nfe2 Nxd4 25. Nxd4 Rfe8 26. Bd3 Qd6 27. Rxc8 Rxc8 28. Rc1 Re8 29. Qf2 Qe5 30. Re1 Nh5 31. Re2 Ng3 32. Re1 g5 33. Nc2 Nh5 34. g4 Ng7 35. Nd4 Ne6 36. Nxe6 Rxe6 37. Bf5 Re7 38. Bxd7 Rxd7 39. f4 Qe6 40. fxg5 hxg5 41. Qf5 Qxf5 42. gxf5 Kg7 43. Rc1 Kf6 44. Kf2 Kxf5 45. Kf3 Ke5 46. Rc5 f5 47. Rxa5 Rh7 48. Rb5 Rxh3+ 49. Ke2 Rh4 50. Rb8 d4 51. Rb5+ Ke4 52. exd4 Rh2+ 53. Kf1 g4 54. Kg1 Rd2 55. Rxb4 0-1

[Event "Casablanca Mohammed op 4th"]
[Site "Casablanca"]
[Date "2023.08.16"]
[Round "5"]
[White "Stefansson, Vignir Vatnar"]
[Black "Ponkratov, Pavel"]
[Result "0-1"]
[WhiteElo "2482"]
[BlackElo "2582"]
[PlyCount "74"]
[EventDate "2023.08.14"]
[EventType "swiss"]
[EventRounds "9"]
[EventCountry "MAR"]
[SourceTitle "CBM 215 Extra"]
[Source "ChessBase"]
[SourceDate "2023.09.30"]
[SourceVersion "1"]
[SourceVersionDate "2023.09.30"]
[SourceQuality "1"]

1. Nf3 c5 2. c4 Nf6 3. Nc3 e6 4. g3 b6 5. Bg2 Bb7 6. 0-0 Be7 7. Re1 d6 8. b3 0-0 9. Bb2 Nbd7 10. d4 cxd4 11. Qxd4 a6 12. Rad1 Qc7 13. e4 Rfd8 14. Qe3 Rac8 15. Nd4 Bf8 16. h3 Qb8 17. Qe2 Re8 18. Kh1 Qa8 19. Kh2 Nc5 20. Nc2 b5 21. b4 Ncd7 22. cxb5 axb5 23. Qxb5 Ne5 24. Qe2 d5 25. exd5 exd5 26. Qf1 d4 27. Nxd4 Bxb4 28. Bxb7 Qxb7 29. Rc1 Bc5 30. Rxe5 Rxe5 31. Ncb5 Rd5 32. a4 Bb6 33. Re1 Rcd8 34. Qg2 Qa8 35. Nf3 Rd3 36. Bxf6 gxf6 37. Nh4 Rd2 0-1

[Event "Casablanca Mohammed op 4th"]
[Site "Casablanca"]
[Date "2023.08.15"]
[Round "3"]
[White "Stefansson, Vignir Vatnar"]
[Black "Ghasi, Ameet K"]
[Result "1/2-1/2"]
[WhiteElo "2482"]
[BlackElo "2506"]
[PlyCount "80"]
[EventDate "2023.08.14"]
[EventType "swiss"]
[EventRounds "9"]
[EventCountry "MAR"]
[SourceTitle "CBM 215 Extra"]
[Source "ChessBase"]
[SourceDate "2023.09.30"]
[SourceVersion "1"]
[SourceVersionDate "2023.09.30"]
[SourceQuality "1"]

1. c4 g6 2. g3 Bg7 3. Bg2 Nf6 4. Nc3 0-0 5. d4 d6 6. h3 Nc6 7. Nf3 e5 8. Be3 exd4 9. Nxd4 Bd7 10. 0-0 Re8 11. Nxc6 Bxc6 12. Bd4 Bxg2 13. Kxg2 Qd7 14. b3 a6 15. Qd3 c6 16. Rad1 Qe6 17. a4 Rad8 18. e3 d5 19. Bb6 Rd7 20. cxd5 Nxd5 21. Nxd5 Rxd5 22. Qc4 Qd6 23. Rxd5 cxd5 24. Qc5 Qxc5 25. Bxc5 Rc8 26. Bb6 Rc3 27. Rb1 Kf8 28. b4 Ke7 29. b5 Rc4 30. a5 Bc3 31. Rb3 Kd7 32. bxa6 bxa6 33. Kf3 h5 34. Ke2 Kc6 35. Kd3 Be1 36. Rb2 Bb4 37. Bd8 Kb5 38. Rb1 Kc6 39. Rb2 Be1 40. Bb6 Bc3 1/2-1/2